000 00619nam a2200193 i 4500
001 33597
003 ES-MaACL
005 20250822003238.0
007 t|
008 030202s1970 sp ||||1| spa d
130 0 _aBiblia.
_pN.T.
_pEvangelios.
_lEspañol.
_9119305
245 1 4 _aLos Santos Evangelios /
_ctraducción de los textos originales por Felipe de Fuenterrabía.
250 _a14ª ed.
260 _aEstella (Navarra) :
_bVerbo Divino,
_c[1970]
300 _a377 p. ;
_c13 cm.
700 0 _aFelipe de Fuenterrabía,
_d1919-2003
_9150919
852 _aES-MaACL
_jC-42149
_bR.79177
999 _c33597
_d33597